000 00454nam a2200157 4500
001 122264
003 ES-MaACL
005 20230906191936.0
007 t|
008 070214s1931 fr r ||||1| fre d
100 1 _aPourrat, Henri.
_993463
245 1 3 _aLa tour du Levant
_b: ou quand Gaspard mit fin áa l'histoire : roman /
_cHenri Pourrat.
260 _aParis :
_bAlbin Michel,
_c1931.
300 _a312 p. ;
_c19 cm.
852 _aES-MaACL
_jF-13798
999 _c122264
_d122264